Gaming Quiz

Random Gaming Quiz
Score 0/45 Timer 10:00
0 Plays Today
Hint Answer % Correct
Most EvilKaos
89.7%
Golden Queen
74.4%
Sheep Creep
74.4%
Chompy
74.4%
Gulper
71.8%
Chompy Mage
71.8%
Dr Krankcase
66.7%
Wolfgang
66.7%
Dreamcatcher
64.1%
Chef Pepper Jack
61.5%
Tussle Sprout
61.5%
Bomb Shell
61.5%
Pain Yatta
61.5%
Blaster Tron
61.5%
Eye Five
61.5%
Luminous
61.5%
Chomp Chest
59%
Broccoli Guy
59%
Brawlrus
59%
Rage Mage
59%
Hood Sickle
59%
Bone Chompy
59%
Eye Scream
59%
Hint Answer % Correct
Night Shade
59%
Grave Clobber
56.4%
Bad Juju
56.4%
Shrednaught
56.4%
Tae Kwon Crow
56.4%
Threatpack
53.8%
Masker Mind
53.8%
Slobber Trap
51.3%
Shield Shredder
51.3%
Trolling Thunder
51.3%
Scrap Shooter
48.7%
Smoke Scream
48.7%
Chill Bill
48.7%
Cross Crow
48.7%
Mab Lobs
48.7%
Lob Goblin
48.7%
Grinnade
43.6%
Cuckoo Clocker
43.6%
Fisticuffs
43.6%
Brawl N Chain
30.8%
Krankenstien
23.1%
Bruiser Crusier
10.3%
Remove Ads.
Support Sporcle.
Get the best of Sporcle when you Go Orange. This ad-free experience offers more features, more stats, and more fun while also helping to support Sporcle. Thank you for becoming a member.

You're not logged in!

Compare scores with friends on all Sporcle quizzes.
OR
Log In

Show Comments

Extras

Created Aug 8, 2016ReportNominate
Tags:Slander, team, trap

Top Quizzes Today


Score Distribution

Your Account Isn't Verified!

In order to create a playlist on Sporcle, you need to verify the email address you used during registration. Go to your Sporcle Settings to finish the process.

Report this User

Report this user for behavior that violates our Community Guidelines.

Details: